[Event "Titled Tuesday intern op 27th Jun Early"]
[Site "Chess.com INT"]
[Date "2023.06.27"]
[Round "5"]
[White "Antonio, Jorge Carlos"]
[Black "Corredor Castellanos, Camilo"]
[Result "0-1"]
[WhiteElo "2277"]
[BlackElo "1957"]
[PlyCount "88"]
[EventDate "2023.06.27"]
[EventType "swiss (blitz)"]
[EventRounds "11"]
[EventCountry "USA"]
[SourceTitle "EXT 2024"]
[Source "ChessBase"]
[SourceDate "2023.10.10"]
[SourceVersion "1"]
[SourceVersionDate "2023.10.10"]
[SourceQuality "1"]

1. d4 Nf6 2. Nf3 d5 3. Bf4 c5 4. e3 Nc6 5. c3 Qb6 6. Qb3 c4 7. Qxb6 axb6 8. Nbd2 Bf5 9. Be2 h6 10. 0-0 e6 11. Ne5 b5 12. a3 Be7 13. f3 Nh5 14. Bg3 Nxg3 15. hxg3 Nxe5 16. dxe5 Bc5 17. Kf2 Ke7 18. Rfd1 f6 19. exf6+ gxf6 20. Nf1 h5 21. Rd2 b4 22. Rdd1 bxc3 23. bxc3 Bxa3 24. e4 Bg6 25. exd5 exd5 26. Ke1 Rhd8 27. Ne3 Bf7 28. Nf5+ Kf8 29. f4 Bb2 30. Rab1 Bxc3+ 31. Kf1 Bg6 32. Ne3 Bxb1 33. Rxb1 Ra1 34. Rxa1 Bxa1 35. Bxh5 b5 36. Bf3 d4 37. Nd5 d3 38. Ke1 Bd4 39. g4 Re8+ 40. Kd1 Ra8 41. f5 Ra1+ 42. Kd2 Ra2+ 43. Kd1 c3 44. Nb4 Ra1# 0-1

[Event "Titled Tuesday intern op 18th Apr Early"]
[Site "Chess.com INT"]
[Date "2023.04.18"]
[Round "7"]
[White "Thomas, Anysia"]
[Black "Corredor Castellanos, Camilo"]
[Result "1-0"]
[WhiteElo "2175"]
[BlackElo "1957"]
[PlyCount "93"]
[EventDate "2023.04.18"]
[EventType "swiss (blitz)"]
[EventRounds "11"]
[EventCountry "USA"]
[SourceTitle "EXT 2024"]
[Source "ChessBase"]
[SourceDate "2023.10.10"]
[SourceVersion "1"]
[SourceVersionDate "2023.10.10"]
[SourceQuality "1"]

1. d4 Nf6 2. c4 e6 3. Nf3 d5 4. g3 c6 5. Bg2 Be7 6. 0-0 0-0 7. Qc2 a5 8. Nbd2 Na6 9. a3 Nc7 10. e4 dxe4 11. Nxe4 a4 12. Bf4 Nce8 13. Rad1 Ra5 14. h4 Qb6 15. c5 Qb3 16. Qc1 Nxe4 17. Nd2 Nxd2 18. Qxd2 Nf6 19. Qxa5 Qxb2 20. Qxa4 Nd5 21. Rb1 Qa2 22. Be3 Nxe3 23. fxe3 Qe2 24. Rbe1 Qg4 25. Kh2 e5 26. Qd1 Qe6 27. Qf3 f5 28. Qh5 g6 29. Qe2 Bf6 30. Qd2 Rd8 31. Rd1 exd4 32. exd4 Rxd4 33. Qe1 Rxd1 34. Qxe6+ Bxe6 35. Rxd1 Be7 36. Re1 Kf7 37. Rb1 Bc8 38. Rc1 Be6 39. Kg1 Bd5 40. Bxd5+ cxd5 41. Rb1 Bxc5+ 42. Kg2 Bxa3 43. Rxb7+ Be7 44. Kf3 Ke6 45. Ke3 h6 46. Rb6+ Kf7 47. Kd4 1-0

[Event "Titled Tuesday intern op 28th Mar Early"]
[Site "Chess.com INT"]
[Date "2023.03.28"]
[Round "3"]
[White "Corredor Castellanos, Camilo"]
[Black "Corrales Jimenez, Fidel"]
[Result "0-1"]
[WhiteElo "1957"]
[BlackElo "2489"]
[PlyCount "102"]
[EventDate "2023.03.28"]
[EventType "swiss (blitz)"]
[EventRounds "11"]
[EventCountry "USA"]
[SourceTitle "EXT 2024"]
[Source "ChessBase"]
[SourceDate "2023.10.10"]
[SourceVersion "1"]
[SourceVersionDate "2023.10.10"]
[SourceQuality "1"]

1. e4 g6 2. d4 d5 3. Nc3 dxe4 4. Nxe4 Bg7 5. c3 e5 6. dxe5 Qxd1+ 7. Kxd1 Bxe5 8. Bb5+ Bd7 9. Bxd7+ Nxd7 10. Nf3 0-0-0 11. Kc2 Bg7 12. Be3 h6 13. a4 b6 14. a5 f5 15. Ned2 Ne7 16. Nd4 Nc5 17. axb6 axb6 18. Rhe1 Kb7 19. b4 Ne4 20. Nxe4 fxe4 21. Ne6 Nf5 22. Nxd8+ Rxd8 23. Rad1 Ra8 24. Kb3 Be5 25. g4 Nh4 26. Bxh6 Rh8 27. Rxe4 Bxc3 28. Bf4 Bf6 29. Rd7 Rc8 30. g5 Bd8 31. Re8 Ng2 32. Bg3 Bxg5 33. Rxc8 Kxc8 34. Rxc7+ Kd8 35. Rc6 Ne1 36. Rxg6 Nf3 37. Rxb6 Kd7 38. Rb7+ Kc6 39. Rg7 Kd5 40. Rf7 Nd4+ 41. Ka4 Ne6 42. Rf5+ Kc4 43. h4 Bd2 44. Rb5 Nd4 45. Rb7 Ne2 46. h5 Nc3+ 47. Ka3 Nd5 48. Bd6 Kd3 49. b5 Kc4 50. Ka4 Nc3+ 51. Ka3 Bc1# 0-1

[Event "Titled Tuesday intern op 21st Mar Early"]
[Site "Chess.com INT"]
[Date "2023.03.21"]
[Round "10"]
[White "Corredor Castellanos, Camilo"]
[Black "Sanchez, Roberto Daniel"]
[Result "1-0"]
[WhiteElo "1957"]
[BlackElo "1966"]
[PlyCount "97"]
[EventDate "2023.03.21"]
[EventType "swiss (blitz)"]
[EventRounds "11"]
[EventCountry "USA"]
[SourceTitle "EXT 2024"]
[Source "ChessBase"]
[SourceDate "2023.10.10"]
[SourceVersion "1"]
[SourceVersionDate "2023.10.10"]
[SourceQuality "1"]

1. Nf3 d5 2. b3 Nc6 3. d4 Bf5 4. Bb2 e6 5. e3 a6 6. a3 Nf6 7. c4 Be7 8. Nc3 0-0 9. Be2 dxc4 10. bxc4 h6 11. 0-0 Rb8 12. Qc1 Ne4 13. Nxe4 Bxe4 14. Rd1 Na5 15. Qc3 b6 16. Nd2 Bb7 17. e4 Bf6 18. e5 Be7 19. Rac1 Qc8 20. Bf3 c5 21. d5 exd5 22. cxd5 Bg5 23. Ne4 Bxc1 24. Rxc1 Bxd5 25. e6 f6 26. Nxf6+ Rxf6 27. Bxd5 Qc7 28. Re1 Re8 29. Re3 Qd6 30. Re5 Nc6 31. e7+ Kh8 32. Bxc6 Qxc6 33. h3 Qd6 34. Qe3 Rf7 35. Re6 Qd1+ 36. Kh2 Kg8 37. Qe5 Qd7 38. Rxh6 Rexe7 39. Qg5 Qf5 40. Qxf5 Rxf5 41. Rxb6 Rxf2 42. Kg3 Ree2 43. Bc3 Rxg2+ 44. Kf4 Rc2 45. Be5 Kf7 46. Kf5 g6+ 47. Ke4 Rge2+ 48. Kf4 Rc4+ 49. Kf3 1-0

[Event "Titled Tuesday intern op 21st Feb Early"]
[Site "Chess.com INT"]
[Date "2023.02.21"]
[Round "4"]
[White "Corredor Castellanos, Camilo"]
[Black "Souleidis, Georgios"]
[Result "1-0"]
[WhiteElo "1957"]
[BlackElo "2421"]
[PlyCount "67"]
[EventDate "2023.02.21"]
[EventType "swiss (blitz)"]
[EventRounds "11"]
[EventCountry "USA"]
[SourceTitle "CBM 212 Extra"]
[Source "ChessBase"]
[SourceDate "2023.03.31"]
[SourceVersion "1"]
[SourceVersionDate "2023.03.31"]
[SourceQuality "1"]

1. Nf3 Nf6 2. b3 d5 3. Bb2 Bf5 4. e3 e6 5. c4 c6 6. Be2 Bd6 7. Nh4 Bg6 8. Nxg6 hxg6 9. h3 Nbd7 10. d3 Rc8 11. Nd2 a6 12. e4 Qe7 13. 0-0 0-0 14. Re1 dxe4 15. Nxe4 Nxe4 16. dxe4 Rfd8 17. Qc2 Ba3 18. Bd4 e5 19. Be3 Bc5 20. Bg4 Rb8 21. Rad1 Bxe3 22. Rxe3 Nc5 23. b4 Rxd1+ 24. Qxd1 Rd8 25. Qa1 Nd3 26. a3 Rd4 27. Qc3 Qd8 28. g3 f5 29. exf5 gxf5 30. Bxf5 Nc1 31. Kg2 Rd1 32. Qxe5 Na2 33. Be6+ Kf8 34. c5 1-0

[Event "Titled Tuesday intern op 31st Jan Late"]
[Site "Chess.com INT"]
[Date "2023.01.31"]
[Round "6"]
[White "Almedina Ortiz, Edgardo J"]
[Black "Corredor Castellanos, Camilo"]
[Result "1-0"]
[WhiteElo "2156"]
[BlackElo "1957"]
[PlyCount "69"]
[EventDate "2023.01.31"]
[EventType "swiss (blitz)"]
[EventRounds "11"]
[EventCountry "USA"]
[SourceTitle "CBM 212 Extra"]
[Source "ChessBase"]
[SourceDate "2023.03.31"]
[SourceVersion "1"]
[SourceVersionDate "2023.03.31"]
[SourceQuality "1"]

1. d4 Nf6 2. c4 g6 3. Nc3 Bg7 4. e4 d6 5. Nf3 0-0 6. Be2 e5 7. 0-0 Nc6 8. d5 Ne7 9. Ne1 Ne8 10. Be3 f5 11. f3 f4 12. Bf2 g5 13. c5 Ng6 14. a4 Rf7 15. a5 Nf6 16. cxd6 cxd6 17. Nb5 a6 18. Bb6 Qf8 19. Nc7 g4 20. Nxa8 Nh4 21. Bf2 gxf3 22. gxf3 Ng6 23. Kh1 Bh3 24. Nb6 Nh5 25. Rg1 Bf6 26. Nd3 Qh6 27. Bf1 Bd7 28. Nxd7 Rxd7 29. Bh3 Re7 30. Bf5 Kf7 31. Rc1 Bh4 32. Bxg6+ hxg6 33. Bxh4 Ng3+ 34. Bxg3 fxg3 35. Rxg3 1-0

[Event "Titled Tuesday intern op 31st Jan Late"]
[Site "Chess.com INT"]
[Date "2023.01.31"]
[Round "1"]
[White "Kavutskiy, Konstantin"]
[Black "Corredor Castellanos, Camilo"]
[Result "1-0"]
[WhiteElo "2393"]
[BlackElo "1957"]
[PlyCount "65"]
[EventDate "2023.01.31"]
[EventType "swiss (blitz)"]
[EventRounds "11"]
[EventCountry "USA"]
[SourceTitle "CBM 212 Extra"]
[Source "ChessBase"]
[SourceDate "2023.03.31"]
[SourceVersion "1"]
[SourceVersionDate "2023.03.31"]
[SourceQuality "1"]

1. d4 Nf6 2. c4 g6 3. Nc3 Bg7 4. e4 d6 5. h3 0-0 6. Be3 e5 7. d5 a5 8. g4 Na6 9. Nge2 Nc5 10. Ng3 Qe7 11. Qd2 c6 12. f3 Rd8 13. h4 b5 14. dxc6 b4 15. Nd5 Nxd5 16. cxd5 Ba6 17. Bxc5 dxc5 18. Bxa6 Rxa6 19. 0-0 Qxh4 20. Qh2 Qe7 21. Qe2 Ra7 22. Rfd1 Bh6 23. Nf1 Bf4 24. a3 h5 25. Qg2 hxg4 26. Qxg4 Kg7 27. Kf2 Rh8 28. d6 Qd8 29. c7 Qa8 30. Ng3 Rh2+ 31. Kg1 Bxg3 32. Qxg3 Qh8 33. Qxh2 1-0

[Event "Titled Tuesday intern op 24th Jan Late"]
[Site "Chess.com INT"]
[Date "2023.01.24"]
[Round "7"]
[White "Sanchez, Roberto Daniel"]
[Black "Corredor Castellanos, Camilo"]
[Result "1-0"]
[WhiteElo "1971"]
[BlackElo "1957"]
[PlyCount "75"]
[EventDate "2023.01.24"]
[EventType "swiss (blitz)"]
[EventRounds "11"]
[EventCountry "USA"]
[SourceTitle "EXT 2024"]
[Source "ChessBase"]
[SourceDate "2023.10.10"]
[SourceVersion "1"]
[SourceVersionDate "2023.10.10"]
[SourceQuality "1"]

1. e4 c5 2. Nf3 d6 3. d4 cxd4 4. Nxd4 Nf6 5. Nc3 a6 6. Be3 e5 7. Nb3 Be6 8. f3 h5 9. Qd2 Nbd7 10. 0-0-0 Qc7 11. Kb1 Be7 12. Nd5 Bxd5 13. exd5 Rc8 14. c4 b6 15. Bd3 a5 16. Na1 Nc5 17. Be2 0-0 18. Nc2 Rfe8 19. Na3 Bf8 20. Nb5 Qd7 21. Bg5 Nh7 22. h4 e4 23. Be3 Nf6 24. Bd4 Qf5 25. Ka1 a4 26. g4 Qh7 27. Bxf6 gxf6 28. g5 Ra8 29. gxf6 Bh6 30. f4 e3 31. Rhg1+ Kf8 32. Qc3 Ra5 33. a3 Rc8 34. Nxd6 Nb3+ 35. Ka2 Rd8 36. Nb5 Qf5 37. Qe5 Qxf4 38. Qe7# 1-0

[Event "Titled Tuesday intern op 03rd Jan Early"]
[Site "Chess.com INT"]
[Date "2023.01.03"]
[Round "3"]
[White "Bodnaruk, Anastasia"]
[Black "Corredor Castellanos, Camilo"]
[Result "1-0"]
[WhiteElo "2343"]
[BlackElo "1957"]
[PlyCount "59"]
[EventDate "2023.01.03"]
[EventType "swiss (blitz)"]
[EventRounds "11"]
[EventCountry "USA"]
[SourceTitle "EXT 2024"]
[Source "ChessBase"]
[SourceDate "2023.10.10"]
[SourceVersion "1"]
[SourceVersionDate "2023.10.10"]
[SourceQuality "1"]

1. e4 c5 2. Nc3 a6 3. g3 b5 4. Bg2 Bb7 5. Nge2 e6 6. d4 cxd4 7. Nxd4 d6 8. 0-0 Be7 9. Re1 b4 10. Nd5 exd5 11. exd5 Kf8 12. Qe2 g6 13. Bf4 a5 14. Nc6 Bxc6 15. dxc6 Qc7 16. Qe4 g5 17. Qd4 gxf4 18. Qxh8 Bf6 19. Re8+ Kxe8 20. Qxg8+ Ke7 21. Bd5 Nxc6 22. Qxa8 Nd4 23. Re1+ Ne6 24. Qg8 fxg3 25. Bxe6 gxf2+ 26. Kxf2 Qxc2+ 27. Re2 Bh4+ 28. Ke3 Qc5+ 29. Kd3 Qb5+ 30. Bc4+ 1-0

[Event "Titled Tuesday intern op 03rd Jan Late"]
[Site "Chess.com INT"]
[Date "2023.01.03"]
[Round "7"]
[White "Corredor Castellanos, Camilo"]
[Black "Goncalves, Davi Sulzbacher"]
[Result "0-1"]
[WhiteElo "1957"]
[BlackElo "2282"]
[PlyCount "44"]
[EventDate "2023.01.03"]
[EventType "swiss (blitz)"]
[EventRounds "11"]
[EventCountry "USA"]
[SourceTitle "EXT 2024"]
[Source "ChessBase"]
[SourceDate "2023.10.10"]
[SourceVersion "1"]
[SourceVersionDate "2023.10.10"]
[SourceQuality "1"]

1. e4 c5 2. Nf3 d6 3. d4 cxd4 4. Nxd4 Nf6 5. Nc3 a6 6. h4 e5 7. Nb3 Be7 8. Bg5 Nbd7 9. Qd2 h6 10. Bxf6 Nxf6 11. a4 Be6 12. Nd5 Nxe4 13. Qd3 Nf6 14. Nxe7 Qxe7 15. 0-0-0 Rc8 16. Kb1 Qc7 17. f3 0-0 18. g4 Nd5 19. Na1 Nb4 20. Qd2 a5 21. h5 Qc6 22. Bg2 Qxa4 0-1

[Event "Titled Tuesday intern op 03rd Jan Late"]
[Site "Chess.com INT"]
[Date "2023.01.03"]
[Round "3"]
[White "Corredor Castellanos, Camilo"]
[Black "Leiva Rodriguez, Jeammarco Giuseppe"]
[Result "0-1"]
[WhiteElo "1957"]
[BlackElo "2381"]
[PlyCount "108"]
[EventDate "2023.01.03"]
[EventType "swiss (blitz)"]
[EventRounds "11"]
[EventCountry "USA"]
[SourceTitle "EXT 2024"]
[Source "ChessBase"]
[SourceDate "2023.10.10"]
[SourceVersion "1"]
[SourceVersionDate "2023.10.10"]
[SourceQuality "1"]

1. d4 Nf6 2. c4 e6 3. Nf3 d5 4. Nc3 Be7 5. g3 Nbd7 6. Bg2 0-0 7. cxd5 exd5 8. 0-0 c6 9. Ne5 Nxe5 10. dxe5 Ng4 11. Bf4 g5 12. h3 gxf4 13. hxg4 fxg3 14. fxg3 Bc5+ 15. Kh2 Qg5 16. Rf4 Bxg4 17. Bh3 Bh5 18. Rf5 Qh6 19. Rf6 Bg6 20. Qf1 Rae8 21. Qf4 Qh5 22. Rf1 Qxe5 23. Qh6 Be3 24. R6f4 d4 25. Nd1 Bxf4 26. gxf4 Qg7 27. Qh4 Rxe2+ 28. Nf2 f5 29. Kh1 Qe7 30. Qh6 Re8 31. Bg2 Qe3 32. Nh3 Qg3 33. Rg1 d3 34. Bd5+ cxd5 35. Rxg3 d2 36. Rd3 Re1+ 37. Kh2 R8e2+ 38. Kg3 Re3+ 39. Rxe3 Rxe3+ 40. Kh4 Rxh3+ 41. Kxh3 d1Q 42. Qg5 Qg4+ 43. Qxg4 fxg4+ 44. Kxg4 Bb1 45. f5 Bxa2 46. Kf4 Kf7 47. Ke5 h5 48. f6 h4 49. Kf4 Kxf6 50. Kg4 Ke5 51. Kxh4 Ke4 52. Kg5 d4 53. Kg6 d3 54. Kf6 d2 0-1

[Event "Titled Tuesday intern op 03rd Jan Early"]
[Site "Chess.com INT"]
[Date "2023.01.03"]
[Round "6"]
[White "Corredor Castellanos, Camilo"]
[Black "Mendes, Aaron Reeve"]
[Result "0-1"]
[WhiteElo "1957"]
[BlackElo "1989"]
[PlyCount "104"]
[EventDate "2023.01.03"]
[EventType "swiss (blitz)"]
[EventRounds "11"]
[EventCountry "USA"]
[SourceTitle "EXT 2024"]
[Source "ChessBase"]
[SourceDate "2023.10.10"]
[SourceVersion "1"]
[SourceVersionDate "2023.10.10"]
[SourceQuality "1"]

1. e4 c5 2. Nf3 d6 3. d4 cxd4 4. Nxd4 Nf6 5. Nc3 a6 6. h4 e5 7. Nb3 Be7 8. Bg5 Be6 9. Qd2 Nbd7 10. 0-0-0 h6 11. Bxf6 Nxf6 12. f3 b5 13. Nd5 Nxd5 14. exd5 Bf5 15. Bd3 Bxh4 16. Rxh4 Bxd3 17. Rg4 Bg6 18. f4 Rc8 19. Rxg6 fxg6 20. fxe5 Qg5 21. e6 Qxd2+ 22. Rxd2 Ke7 23. Nd4 Rhf8 24. b3 Rc5 25. Nc6+ Rxc6 26. dxc6 Rc8 27. Rf2 Kxe6 28. Re2+ Kf7 29. Rf2+ Kg8 30. Kd2 Rxc6 31. c3 Rc5 32. Kd3 Rd5+ 33. Ke4 Re5+ 34. Kd4 g5 35. Rc2 Kf7 36. Rb2 Rf5 37. g3 h5 38. a4 h4 39. axb5 axb5 40. gxh4 gxh4 41. Rh2 g5 42. Ke4 Ke6 43. c4 Rf4+ 44. Kd3 bxc4+ 45. bxc4 d5 46. cxd5+ Kxd5 47. Ke3 Ke5 48. Ra2 Kf5 49. Rg2 g4 50. Ra2 Rf3+ 51. Ke2 Kf4 52. Ke1 Kg3 0-1

[Event "Titled Tuesday intern op 03rd Jan Late"]
[Site "Chess.com INT"]
[Date "2023.01.03"]
[Round "11"]
[White "Estrada Nieto, Julian"]
[Black "Corredor Castellanos, Camilo"]
[Result "1-0"]
[WhiteElo "2248"]
[BlackElo "1957"]
[PlyCount "171"]
[EventDate "2023.01.03"]
[EventType "swiss (blitz)"]
[EventRounds "11"]
[EventCountry "USA"]
[SourceTitle "EXT 2024"]
[Source "ChessBase"]
[SourceDate "2023.10.10"]
[SourceVersion "1"]
[SourceVersionDate "2023.10.10"]
[SourceQuality "1"]

1. e4 c5 2. Nf3 d6 3. d4 cxd4 4. Qxd4 Nf6 5. Nc3 Nc6 6. Bb5 Bd7 7. Bxc6 bxc6 8. e5 dxe5 9. Nxe5 Qb6 10. Be3 Rd8 11. Qxb6 axb6 12. Bxb6 Rb8 13. Na4 Nd5 14. Bc5 g6 15. 0-0-0 Bh6+ 16. Kb1 Rb7 17. Nxd7 Rxd7 18. c4 Nf6 19. Bd4 0-0 20. Bxf6 Rxd1+ 21. Rxd1 exf6 22. Rd6 Rc8 23. Rxf6 Kg7 24. Rf3 f5 25. Nc5 Bd2 26. Kc2 Bb4 27. Nd3 Bd6 28. c5 Be7 29. Re3 Kf6 30. f4 Ra8 31. a3 Ra4 32. Kb3 Rd4 33. Kc3 Ra4 34. Re1 Re4 35. b4 Ke6 36. Rxe4+ fxe4 37. Nf2 Kd5 38. Nd1 Bf6+ 39. Kd2 Kd4 40. Ne3 Be7 41. Nc2+ Kd5 42. Ke3 g5 43. g3 h5 44. Ne1 Bf6 45. Ng2 Bd4+ 46. Ke2 g4 47. Ne3+ Ke6 48. Nc2 Bc3 49. Ne3 Bb2 50. a4 Ba3 51. Nc2 Bb2 52. Ke3 Kd5 53. b5 cxb5 54. axb5 Kxc5 55. Kxe4 Kxb5 56. Kf5 Kc6 57. Ne3 Kd6 58. Kg6 Ke6 59. Kxh5 Bd4 60. Nxg4 Kf5 61. Nh6+ Kf6 62. Kg4 Bg1 63. h4 Bc5 64. Nf5 Kg6 65. h5+ Kh7 66. Nh4 Bd4 67. Nf3 Bb2 68. Ng5+ Kh6 69. Ne4 Kg7 70. Kf5 Kf7 71. g4 Ba1 72. g5 Bb2 73. h6 Kg8 74. Ng3 Kh7 75. Nh5 Ba1 76. Nf6+ Kh8 77. Kg6 Bb2 78. Nh5 Ba1 79. Kf7 Kh7 80. Nf6+ Kh8 81. f5 Bd4 82. Ng4 Bc3 83. g6 Bd4 84. g7+ Bxg7 85. hxg7+ Kh7 86. Nf6+ 1-0